| 000 | 01241nam a22003977a 4500 | ||
|---|---|---|---|
| 003 | CHAP | ||
| 005 | 20220329143603.0 | ||
| 008 | 100727s1985 us a r 00010 eng d | ||
| 010 | _a98897 | ||
| 011 | _a99869 | ||
| 020 | _a0394731263 (pbk.) | ||
| 035 | _a110555 | ||
| 040 | _cCHAP | ||
| 082 | 0 | 4 |
_a574.52642 _bSu87 |
| 100 | 1 |
_aSutton, Ann _9110805 |
|
| 245 | 1 | 0 |
_aEastern forests _c/by Ann Sutton and Myron Sutton |
| 260 |
_aNew York : _bChanticleer _c[1985] |
||
| 300 |
_a638 p. : _bilus. |
||
| 490 | _aThe Audubon Society Nature Guides | ||
| 590 |
_aBATCH-UPD _b10 _c20130110 _lUCH01 _h1146 |
||
| 590 |
_aBATCH-UPD _b10 _c20130410 _lUCH01 _h0731 |
||
| 590 |
_aBATCH-UPD _b10 _c20130914 _lUCH01 _h0704 |
||
| 590 |
_aCONVERSION _b10 _c20130109 _lUCH01 _h1355 |
||
| 650 | 1 | 4 |
_aBosques. _914002 |
| 650 | 1 | 4 |
_aBotánica. _914477 |
| 650 | 1 | 4 |
_aCiencias naturales. _923181 |
| 650 | 1 | 4 |
_aEcología. _935134 |
| 650 | 1 | 4 |
_aPlantas _xIdentificación. _988842 |
| 650 | 1 | 4 |
_aZoología. _9124151 |
| 700 | 1 |
_aSutton, Myron _9110810 |
|
| 710 | 2 |
_aNational Audubon Society. _980307 |
|
| 830 | 0 |
_aThe Audubon Society Nature Guides _9112624 |
|
| 901 | _aBK | ||
| 942 | _cLIBRO | ||
| 949 |
_a574.52642 Su87 _bBC _cC _d33724002178272 _eC _h112963 _i110555 _sb |
||
| 999 |
_c98897 _d98897 |
||